Estadísticas para Países por fronteras #1

Haz click aquí para tomar la prueba!

Estadísticas generales

  • Esta prueba ha sido tomada 1.719 veces
  • La puntuación promedio es 20 de 22

Estadísticas de respuestas

Fronteras terrestresPaís% Correcto
EspañaPortugal
100%
Canada, MéxicoEstados Unidos
99%
Reino UnidoIrlanda
97%
Bélgica, AlemaniaPaíses Bajos
96%
República DominicanaHaití
96%
Francia, EspañaAndorra
95%
Argentina, BrasilUruguay
94%
Colombia, Costa RicaPanamá
93%
Nicaragua, PanamaCosta Rica
92%
Letonia, RusiaEstonia
92%
ItaliaCiudad del Vaticano
91%
ItaliaSan Marino
89%
Austria, Alemania, Polonia, EslovaquiaRepública Checa
89%
AlemaniaDinamarca
87%
Israel, Líbia, SudánEgipto
87%
Argelia, LíbiaTúnez
86%
Laos, China, CamboyaVietnam
85%
Albania, Bulgaria, Turquía,
Macedonia del Norte
Grecia
85%
Birmania, IndiaBangladés
84%
Yibuti, Etiopia, KeniaSomalia
79%
Irak, Arabia SauditaKuwait
78%
SenegalGambia
72%

Distribución de puntuación

Porcentaje por número respondido

Porcentaje de gente con cada puntuación

Historial de tus puntuaciones

No has tomado esta prueba